000 00272nam a2200109Ia 4500
008 200302s9999 xx 000 0 und d
100 _aDimitrs Kottas
245 _aThe Architects Handbook
260 _bPage one Publishing Private limited
260 _c2007
300 _a223 p
999 _c4882
_d4882